"What Does Brain Drain Bring in Its Train?"… the Case of the Ever Closer European (Minimum Wage) Union
Napriek tomu, že migrácia (najmä migrácia pracovnej sily) podnietila globalizáciu v 21. storočí, krajiny ju nevyhnutne nepretavili do efektívnej migrácie a integrácie politiky v dôsledku konfliktu s výzvou na ochranu zamestnanosti a sociálnej súdržnosti občanov. S prvými výsledkami v súvislosti s ve...
Guardado en:
| Autor principal: | |
|---|---|
| Otros Autores: | |
| Formato: | Capítulo de libro |
| Lenguaje: | inglés |
| Materias: | |
| Etiquetas: |
Sin Etiquetas, Sea el primero en etiquetar este registro!
|
MARC
| LEADER | 00000naa$a2200000$$$4500 | ||
|---|---|---|---|
| 001 | 0289457 | ||
| 005 | 20240502083928.0 | ||
| 041 | 0 | |a eng | |
| 044 | |a CZ | ||
| 245 | 1 | 0 | |a "What Does Brain Drain Bring in Its Train?"… the Case of the Ever Closer European (Minimum Wage) Union |c Martin Tokár, Denisa Čiderová |
| 520 | |a Napriek tomu, že migrácia (najmä migrácia pracovnej sily) podnietila globalizáciu v 21. storočí, krajiny ju nevyhnutne nepretavili do efektívnej migrácie a integrácie politiky v dôsledku konfliktu s výzvou na ochranu zamestnanosti a sociálnej súdržnosti občanov. S prvými výsledkami v súvislosti s verejnou konzultáciou EÚ27 „Únik mozgov“ sa preskúmalo zvýšenie nedávneho vývoja minimálnej mzdy v slovenskej ekonomike v kontexte stále bližšom pozadí Európskej únie (minimálna mzda), ako aj v paralelnej relevantnej regionálnej perspektíve (Asociácia národov juhovýchodnej Ázie, ASEAN). | ||
| 610 | 2 | 0 | |a migrácia |
| 610 | 2 | 0 | |a práca |
| 610 | 2 | 0 | |a mzdy minimálne |
| 610 | 2 | 0 | |a brexit |
| 610 | 2 | 0 | |a Európska únia |
| 610 | 2 | 0 | |a ASEAN |
| 610 | 2 | 0 | |a revolúcia priemyselná |
| 100 | 1 | |a Tokár, Martin | |
| 700 | 1 | |a Čiderová, Denisa, 1977- | |